00413nam a2200157Ia 4500008004100000020001500041082001400056100002000070245003200090250000800122260003600130300002800166500001900194600002700213650001500240240925s9999 xx 000 0 und d a9812530606 a629.8 NIS aNise, Norman S. 0aControl Systems Engineering a4th aNew York:bMc Graw HIllc,2004. axxvi,881p.bnafPirated aIncludes Index aElectronic Engineering aTechnology